000 01281nab a22002297a 4500
999 _c5535
_d5535
003 OSt
005 20251215135857.0
008 190429b xxu||||| |||| 00| 0 spa d
040 _cPJ
100 _96514
_aSantaella Sassano, Florencia Sol
245 1 3 _aEl consentimiento y el stealthing :
_buna amenaza a la libertad sexual /
_cFlorencia Sol Santaella Sassano.
260 _cCiudad Autónoma de Buenos Aires :
_aThomson Reuters La Ley,
_b2025.
300 _ap. 41-46
500 _aCita: AR/DOC/179/2025.
505 _aSumario: I. Introducción: definición del stealthing.— II. El stealthing y el consentimiento: un enfoque jurídico.— III. Orígenes del stealthing y su reconocimiento legal.— IV. El stealthing en la República Argentina: jurisprudencia y perspectivas.— V. Stealthing y derechos humanos: un abordaje internacional.— VI. Conclusión: hacia una mejor protección legal.
505 _tSi te interesa el texto completo, solicitalo a koha@justierradelfuego.gov.ar
650 0 _9343
_aDERECHO PENAL
650 0 _92903
_aABUSO SEXUAL
650 0 _95585
_aCONSENTIMIENTO
773 0 _02658
_93164
_tRevista de derecho penal y criminología. Nº 2 - Marzo 2025
_dCiudad Autónoma de Buenos Aires : Thomson Reuters La Ley, 2017-
_x00347914
942 _2udc
_cANA